Memorias del Tribunal de Cuentas del Reino presentadas y reproducidas en la legislatura de 1877. (Record no. 183774)

MARC details
000 -LEADER
campo de control de longitud fija 00592nam a2200157 i 4500
001 - NÚMERO DE CONTROL
campo de control 183774
003 - IDENTIFICADOR DE NÚMERO DE CONTROL
campo de control ES-MaACL
005 - FECHA Y HORA DE LA ÚLTIMA TRANSACCIÓN
campo de control 20230906221951.0
008 - DATOS DE LONGITUD FIJA--INFORMACIÓN GENERAL
campo de control de longitud fija 141014s1877 sp |||| | spa d
110 2# - ENTRADA PRINCIPAL--NOMBRE DE ENTIDAD CORPORATIVA
Nombre de entidad corporativa o nombre de jurisdicción como elemento de entrada España.
Unidad subordinada Tribunal de Cuentas del Reino.
9 (RLIN) 155705
245 10 - MENCIÓN DEL TÍTULO
Título Memorias del Tribunal de Cuentas del Reino presentadas y reproducidas en la legislatura de 1877.
260 ## - PUBLICACIÓN, DISTRIBUCIÓN, ETC.
Lugar de publicación, distribución, etc. Madrid :
Nombre del editor, distribuidor, etc. [s.n.],
Fecha de publicación, distribución, etc. 1877 (
Fabricante Imp. y fund. de la viuda é hijos de D. Antonio Garcia)
300 ## - DESCRIPCIÓN FÍSICA
Extensión 275 p. ;
Dimensiones 32 cm.
650 #4 - PUNTO DE ACCESO ADICIONAL DE MATERIA--TÉRMINO DE MATERIA
Término de materia o nombre geográfico como elemento de entrada Hacienda pública-
Subdivisión general Control-
Subdivisión geográfica España.
9 (RLIN) 164823
852 ## - LOCALIZACIÓN
Ubicación ES-MaACL
Número de control de estantería T-325-F-4
Holdings
Estatus retirado Estado de pérdida Estado de daño No para préstamo Colección Biblioteca de origen Biblioteca actual Ubicación en estantería Fecha de adquisición Fuente de adquisición Total de préstamos Signatura topográfica completa Código de barras Visto por última vez Precio de reemplazo Tipo de ítem Koha
        Colección de folletos Biblioteca del Ateneo de Madrid Biblioteca del Ateneo de Madrid Depósito folletos 14/10/2014     T-325-F-4 1193218 23/02/2023 23/02/2023 Folleto